| 000 | 00714nam a2200229 a 4500 | ||
|---|---|---|---|
| 001 | BRCA_7367 | ||
| 005 | 20190320205818.0 | ||
| 008 | 070313s1947----mx-ac#####---#000-0#spa-# | ||
| 041 | _aspa | ||
| 044 | _amx | ||
| 050 | 4 |
_aBX1430.M6 _b.P47 1947 |
|
| 100 | 1 |
_aPérez Maldonado, Carlos _918208 |
|
| 245 | 1 | 0 |
_aEl obispado _bmonumento histórico de Monterrey _cCarlos Pérez Maldonado. |
| 260 |
_aMonterrey, N. L., México _bImp. del Norte _c1947 |
||
| 300 |
_a261 p. _bil., 41 láminas, retratos |
||
| 500 | _aQ57 | ||
| 651 | 4 |
_aMéxico _xHistoria eclesiástica _9824 |
|
| 651 | 4 |
_aMonterrey, Nuevo León (Diocesis) _918209 |
|
| 651 | 4 |
_aMonterrey, Nuevo León _xHistoria _918210 |
|
| 902 | _aGFM | ||
| 942 |
_2lcc _cB |
||
| 999 |
_c7043 _d7043 |
||